Statistics for VGS i Oslo

Click here to take the quiz!

General Stats

  • This quiz has been taken 53 times
  • The average score is 12 of 21

Answer Stats

Answer% Correct
Elvebakken
82%
Nydalen
80%
Fyrstikkalleen
75%
Oslo katedralskole(Katta)
75%
Ulsrud
75%
Foss
73%
Blindern
68%
Bjerke
64%
Hartvig Nissen
64%
Ullern
64%
Edvard Munch
59%
Kuben
59%
Oslo Handelsgymnasium
59%
Kongshavn
55%
Stovner
55%
Persbråten
45%
Lambertseter
36%
Valle Hovin
32%
Hersleb
27%
Bjørnholt
25%
Hellerud
20%

Score Distribution

Percentile by Number Answered

Percent of People with Each Score

Your Score History

You have not taken this quiz